České Budějovice automapa okolí = avtokarta okrestnostej = road map of surroundings = carte routière des environs = Autokarte der Umgebung /

Korporativní autor: Ústřední správa geodézie a kartografie
Další autoři: Prokop, Jaroslav, Král, Jan, Patočka, Bedřich, Smolík, Ctirad, Kartografický a reprodukční ústav (Praha, Česko)
Jazyk: Ruština
Němčina
Francouzština
Čeština
Angličtina
Vydáno: [Praha] : Ústřední správa geodézie a kartografie, 1965
Vydání: 1. vyd.
Témata:
Fyzický popis: 1 mapa : barev. ; 43 x 41 cm, na listu 44 x 53 cm, složeno na 22 x 11 cm
Language note: Český, anglický, francouzský, německý a ruský text
Mapy
Uloženo v:
LEADER 02341nem a2200457 a 4500
001 001384174
003 CZ BrMZK
005 20140430101313.0
007 aj|canzn
008 111208s1965 xr a 0| cze d
015 |a cnb002039626 
034 1 |a a  |b 200000  |d E0135420  |e E0150057  |f N0491851  |g N0483257 
040 |a BOA001  |b cze 
041 0 |a cze  |a eng  |a fre  |a ger  |a rus 
043 |a e-xr---  |b e-xr-jc  |2 czenas 
072 7 |a 913(437)  |x Geografie Česka a Slovenska, reálie, cestování  |2 Konspekt  |9 7 
072 7 |a 912  |x Mapy. Atlasy. Glóby  |2 Konspekt  |9 7 
080 |a 625.7/.8  |2 MRF 
080 |a 913(437.319)  |2 MRF 
080 |a (084.3)656.1  |2 MRF 
245 0 0 |a České Budějovice  |h [kartografický dokument] :  |b automapa okolí = avtokarta okrestnostej = road map of surroundings = carte routière des environs = Autokarte der Umgebung /  |c zpracoval a vytiskl Kartografický a reprodukční ústav v Praze ; odpovědný redaktor Jaroslav Prokop ; technický redaktor Jan Král ; obálka: B. Patočka ; kresby a grafická úprava: C. Smolík 
250 |a 1. vyd. 
255 |a Měřítko [ca 1:200 000]  |c (13°54´20" v.d.--15°00´57" v.d./49°18´51" s.š.--48°32´57" s.š.) 
260 |a [Praha] :  |b Ústřední správa geodézie a kartografie,  |c 1965  |f (Kartografický a reprodukční ústav v Praze) 
300 |a 1 mapa :  |b barev. ;  |c 43 x 41 cm, na listu 44 x 53 cm, složeno na 22 x 11 cm 
500 |a Na rubu doprovodný text, fotografie a obálkový titul 
546 |a Český, anglický, francouzský, německý a ruský text 
650 0 7 |a pozemní komunikace  |7 ph115848  |z Česko  |2 czenas 
651 7 |a České Budějovice-oblast (Česko)  |7 ge135833  |2 czenas 
655 7 |a automapy  |7 fd131856  |2 czenas 
700 1 |a Prokop, Jaroslav  |7 mzk2009544399  |4 pbd 
700 1 |a Král, Jan  |4 red 
700 1 |a Patočka, Bedřich  |4 bjd 
700 1 |a Smolík, Ctirad  |4 dsr 
710 2 |a Ústřední správa geodézie a kartografie  |7 kn20050506060  |4 pbl 
710 2 |a Kartografický a reprodukční ústav (Praha, Česko)  |7 ko2003164641  |4 ctg  |4 prt 
910 |a BOA001  |b Skř.9A-0542.484 
990 |a MP 
991 |b 201404 
996 7 |b 2619672645  |c Skř.9A-0542.484  |l MZK  |r Sklad / do 24 hodin  |n 0  |w 001427486  |u 000020  |a 1  |e BOA001  |j MZK50  |s A 
996 6 |b 2619672646  |c Skř.9A-0542.484  |l MZK  |r Sklad / do 24 hodin  |n 0  |w 001427486  |u 000010  |a 1  |e BOA001  |j MZK50  |s P